000 00685nam a2200229Ia 4500
005 20250425161825.0
008 250425s9999 xx 000 0 und d
020 _a9978861890
041 _aspa
082 _a341.02636
245 0 _aLEYES: CONTRATACION PUBLICA ESPECIAL PARA LA CONTRATACION DE PROYECTOS DE INTERES SOCIAL, REGLAMENTOS
250 _aS.E.
260 _aEcuador
_bCORPORACION DE ESTUDIOS Y PUBLICACIONES
_c1999
260 _aS.L.
300 _a94
500 _av. 8-4 actualizada a septiembre de 1999
650 _aCONTRATACION PUBLICA-LEGISLACION
650 _aLEYES-ECUADOR
650 _aREGLAMENTOS DE HIDROCARBUROS
942 _c01
010 _a31189
999 _c216855
_d216855